[Event "AZE-ch Women 2020"]
[Site "Baku"]
[Date "2020.03.07"]
[Round "4.2"]
[White "Mamedjarova, Zeinab"]
[Black "Ismayil, Malak"]
[Result "1-0"]
[WhiteElo "2278"]
[BlackElo "1974"]
[Annotator "TA"]
[PlyCount "99"]
[EventDate "2020.03.04"]
[EventType "swiss"]
[EventCountry "AZE"]
[SourceTitle "playchess.com"]
[Source "ChessBase"]
[SourceQuality "1"]

{[%evp 15,99,10,18,7,16,2,0,0,0,-2,0,-37,-10,-25,-25,-25,33,-10,-11,-11,0,-79,-83,-123,-102,-162,-118,-154,-154,-204,-180,-264,-23,-24,-30,-38,-31,-33,39,43,44,30,97,106,172,181,235,238,215,215,233,154,162,127,216,181,196,164,198,182,184,162,216,186,182,153,151,132,429,418,591,593,583,576,572,553,5310,5302,2099,1810,1607,1512,1576,1503,29995,715]} 1. d4 Nf6 2. Nf3 e6 3. e3 b6 4. Bd3 Bb7 5. O-O Be7 6. Nbd2 d5 7. b3 O-O 8. Bb2 Nbd7 9. Qe2 {9.c4 is becoming the main line. D05: Colle System with ...e6.} Ne4 10. Rac1 f5 11. c4 {The position is equal.} a5 12. cxd5 exd5 {[#]} 13. a4 $146 ({Predecessor:} 13. Bb5 Rf6 14. Ne5 {½-½ (14) Siger,I (2034)-Muniz,E (2039) LSS email 2006}) 13... Bd6 14. Rfd1 Qe7 15. Bb5 Ndf6 ({Black should try} 15... Qe6 $11) 16. Nxe4 fxe4 17. Ne5 c5 18. Ng4 (18. Nc6 $11 Qe6 19. h3) 18... Ne8 $17 {[%cal Bf6e8,Be8c7,Bc7e6][%mdl 32]} 19. Qe1 Nc7 20. Be2 (20. Ne5 $17 {was called for.}) 20... Ne6 21. h3 Rf5 22. dxc5 bxc5 23. Qc3 (23. Rc2 {was necessary.}) 23... d4 $2 (23... Kh8 $19 {Hoping for ...h5.} 24. Qd2 h5) 24. exd4 $11 cxd4 25. Rxd4 Nxd4 26. Qxd4 {[#] aiming for Nh6+!} Kf8 (26... Kh8 $15) 27. Ne3 $36 {[%mdl 3072] White has compensation. White fights for an advantage.} Rc5 28. Nc4 Rd8 (28... Rd5 $11 29. Qe3 Bc5 30. Qf4+ Kg8) 29. Qe3 $16 Kg8 (29... Rd5 $16) 30. Ba3 $18 Rxc4 (30... Ba6 $142 31. Re1 Bxc4 32. Bxc4+ (32. Bxc5 Bxc5 33. Bxc4+ Kh8 $16) 32... Kh8) 31. Bxc4+ Kh8 32. Bxd6 Qxd6 33. Qa7 Qc7 34. Re1 Re8 (34... h6 $16 35. Qe3 Kh7) 35. Qe3 h6 36. Bb5 Re7 37. Rc1 Qe5 38. Rd1 Qc7 (38... Kh7 $142 39. Qd2 Qc7) 39. h4 Kh7 40. h5 Qe5 {[#]} 41. Be2 $1 Rc7 $2 {[%mdl 8192]} (41... Bd5 $16 42. Rc1 Qd6) 42. Qb6 {Threatening mate with Qg6+.} Bc6 (42... Qe7 $142 43. Qxa5 Bc8) 43. Rc1 Qb2 44. Qe3 ({Weaker is} 44. Qxc7 Qxc1+ 45. Kh2 Qc5 $16) (44. Rxc6 Rxc6 45. Qxc6 Qxe2 $16) 44... Qe5 45. Qg3 Qb2 46. Qg6+ Kh8 47. Rxc6 Rxc6 48. Qe8+ Kh7 49. Qxe4+ Kh8 50. Qe8+ {Never resign too early! Accuracy: White = 71%, Black = 41%.} 1-0

[Event "AZE-ch Women 2020"]
[Site "Baku"]
[Date "2020.03.07"]
[Round "4.3"]
[White "Rzali, Sabina"]
[Black "Beydullayeva, Govhar"]
[Result "0-1"]
[WhiteElo "1921"]
[BlackElo "2237"]
[Annotator "TA"]
[PlyCount "134"]
[EventDate "2020.03.04"]
[EventType "swiss"]
[EventCountry "AZE"]
[SourceTitle "playchess.com"]
[Source "ChessBase"]
[SourceQuality "1"]

{[%evp 16,134,21,18,19,23,42,-24,-13,0,10,8,20,-27,-32,-33,-31,-87,-82,-101,-78,-107,-104,-109,-72,-160,-177,-177,-83,-88,-83,-70,-32,-44,-21,-30,-33,-49,-48,-85,-80,-104,-100,-169,-156,-126,-149,-169,-174,-171,-187,-227,-220,-383,-381,-378,-359,-516,-552,-506,-335,-366,-335,-316,-270,-281,-200,-255,-254,-283,-261,-320,-277,-330,-317,-288,-175,-190,-182,-176,-169,-183,-172,-287,-221,-220,-211,-332,-339,-389,-379,-383,-355,-418,-409,-526,-531,-545,-554,-540,-544,-562,-549,-860,-828,-633,-506,-4133,-3761,-29986,-29987,-29987,-29988,-29987,-29988,-29988,-29984,-29989,-29985,-29996,-29994]} 1. e4 e5 2. Nf3 Nc6 3. Bb5 a6 4. Ba4 Nf6 5. d3 d6 6. c3 g6 7. O-O Bg7 8. Re1 O-O 9. h3 b5 {C77: Ruy Lopez: 3...a6 4 Ba4 Nf6, unusual lines.} 10. Bc2 {10.Bc2 scores better than 10.Bb3.} Re8 11. d4 {[#]} (11. a4 $14) 11... Bb7 $146 {Black has an edge.} ({Predecessor:} 11... exd4 12. cxd4 Nb4 13. Bb3 c5 14. a3 Nc6 15. d5 Na5 16. Bc2 Ra7 17. Nc3 Rae7 {0-1 (36) Williams,R (1444)-Geryk,M (1646) ICCF email 2013}) 12. d5 Na5 13. Nbd2 c6 14. dxc6 Bxc6 15. Nf1 d5 {[%cal Rf6e4]} 16. exd5 ({Better is} 16. Bg5 $15) 16... Nxd5 $17 17. Ng3 Qb6 18. Nh2 Rad8 19. Qg4 Qb7 20. f3 (20. Qh4 $142) 20... Qa7+ 21. Kh1 {[#]} Qd7 (21... Nf4 $1 $19 {[%mdl 512] has better winning chances. And now ...Qf2! would win.} 22. Ne2 (22. Bxf4 exf4) 22... Nd3 23. Bxd3 Rxd3) 22. Qxd7 Rxd7 23. Ne4 f5 24. Nc5 Ra7 25. Nf1 Bf8 26. Nb3 Nc4 27. Nbd2 Ncb6 28. Bb3 Kg7 $36 {[%mdl 2048] White is under strong pressure.} 29. Ng3 (29. g4 $17) 29... Nf4 30. Bc2 Rd7 31. Ndf1 {next Bxf4 is good for White.} Nd3 32. Bxd3 Rxd3 33. Kh2 Bd6 34. Kh1 $2 {[#]} (34. Bg5 {might work better.}) 34... e4 $19 35. Be3 exf3 36. gxf3 (36. Bxb6 {keeps fighting.} fxg2+ 37. Kg1) 36... Bxg3 37. Bd4+ Kf7 38. Rxe8 Kxe8 ({Don't play} 38... Bxe8 39. Nxg3 Nc4 40. Kg1 $19) 39. Nxg3 Rxf3 ({Resist} 39... Bxf3+ 40. Kg1 $19) 40. Kh2 Nd5 41. Re1+ Kf7 42. Re2 Rd3 43. Be5 h5 44. Nf1 Rd1 45. Kg1 Nf6 46. Rd2 Rxd2 47. Nxd2 {[%mdl 4096] Endgame KBN-KBN} g5 48. Nb3 Nd7 49. Bd4 (49. Bc7 $142) 49... Bd5 50. Nc1 Kg6 51. b3 (51. h4 $142) 51... f4 52. Nd3 Kf5 53. Nb4 Bb7 54. c4 Ke4 55. Bf2 a5 56. Nc2 b4 57. Nd4 g4 58. hxg4 hxg4 59. Nb5 {Black should prevent Nd6+.} Kd3 60. Nd6 Bc6 61. Nc8 (61. Ba7 $142 Ne5 62. Nf5) 61... g3 62. Ba7 Ke2 {Black mates.} 63. Ne7 f3 64. Nf5 f2+ 65. Bxf2 gxf2+ 66. Kh2 Ne5 67. c5 Nf3+ {Accuracy: White = 47%, Black = 77%.} 0-1

[Event "AZE-ch Women 2020"]
[Site "Baku"]
[Date "2020.03.07"]
[Round "4.4"]
[White "Abdulla, Khayala"]
[Black "Mammadova, Gulnar"]
[Result "1/2-1/2"]
[WhiteElo "2276"]
[BlackElo "2386"]
[Annotator "TA"]
[PlyCount "123"]
[EventDate "2020.03.04"]
[EventType "swiss"]
[EventCountry "AZE"]
[SourceTitle "playchess.com"]
[Source "ChessBase"]
[SourceQuality "1"]

{[%evp 9,123,28,42,34,30,25,28,13,18,20,14,0,6,8,4,15,16,3,39,34,60,37,62,58,46,50,78,53,51,44,128,73,87,75,75,1,4,8,20,6,14,12,72,0,0,0,0,0,0,0,0,0,20,0,68,8,27,28,33,33,33,33,33,33,45,45,58,33,49,49,33,33,33,33,110,102,162,162,162,162,564,592,592,592,592,592,592,592,592,592,584,580,385,0,0,0,0,0,0,0,0,0,0,0,0,0,0,0,0,0,0,0,0,0,0,0]} 1. e4 e5 2. Nf3 Nc6 3. Bb5 Nf6 4. d3 d6 5. c3 Bd7 6. Ba4 {C65: Ruy Lopez: Berlin Defence (3...Nf6), unusual lines and 4 0-0 Bc5.} g6 7. Nbd2 Bg7 8. Nf1 {[#] White has an edge.} Nh5 $146 ({Predecessor:} 8... O-O 9. Ng3 Qe8 10. Bb3 Nd8 11. O-O a5 12. a4 Ne6 13. d4 Nf4 14. Re1 N6h5 {0-1 (38) Ivanov,A (2418)-Andreikin,D (2573) Moscow 2008}) 9. Bg5 f6 10. Be3 Qe7 11. Ng3 Nxg3 12. hxg3 a6 13. Qd2 Nd8 14. Bc2 c5 15. a3 Ne6 16. d4 exd4 17. cxd4 cxd4 18. Nxd4 Nxd4 19. Bxd4 Bc6 (19... O-O $14) 20. Kf1 (20. O-O-O $142) 20... O-O 21. Re1 Rae8 22. Bc3 (22. Bb3+ $16 Kh8 23. Re3) 22... f5 $1 $11 {[%cal Rf5e4]} 23. Bxg7 Qxg7 24. exf5 Rxe1+ $1 ({Much weaker is} 24... Qxb2 25. Rb1 $16) 25. Qxe1 {And now Qe6+ would win.} Re8 (25... Qxb2 $11 {remains equal.} 26. Qd1 (26. fxg6 Rxf2+ 27. Qxf2 Bb5+ 28. Bd3 Bxd3+ 29. Kg1 Qc1+ 30. Kh2 Qh6+ {[%mdl 64] Double Attack} 31. Kg1 Qc1+ {[%mdl 64] Double Attack} 32. Kh2 Qh6+ {[%mdl 64] Double Attack} 33. Kg1 Qc1+ $11 {[%mdl 64] Double Attack}) 26... Qxa3) 26. Qd2 (26. Bb3+ $16 Kh8 27. Qd2) 26... Qxb2 {Strongly threatening ...Be4.} 27. fxg6 hxg6 28. Rh4 Qa1+ 29. Bd1 Qe5 30. Bb3+ d5 31. Rd4 {[%cal Rb3d5]} Qh5 (31... Qh8 $11 32. Kg1 Re2 33. Qxe2 Qxd4) 32. Kg1 ({Better is} 32. f3 $14) 32... Re2 33. Qa5 {Hoping for Qd8+.} b6 34. Bxd5+ Qxd5 35. Qxd5+ Bxd5 36. Rxd5 $14 {[%mdl 4096] Endgame KR-KR} Kf7 37. Rd6 Rb2 38. f3 a5 39. Kh2 a4 40. Kh3 b5 $1 41. Rb6 Rb3 (41... Kg7 $1 $14) 42. Kh4 $1 $16 Ke7 {[#]} (42... Rxa3 $16 {is a better defense.} 43. Rxb5 Ra2) 43. g4 $1 $18 Kd7 44. g5 Kc7 $2 (44... Rxa3 45. Rxg6 Rd3) 45. Rxg6 Rxa3 46. Rg8 Ra2 {next ...b4 is good for Black.} 47. g4 Rh2+ 48. Kg3 Rd2 49. g6 Rd7 50. g7 {Threatens to win with Rc8+!} Kd6 {[#]} 51. Rb8 $2 (51. f4 $1 $18 {[%cal Rf4f5] f5 is the strong threat.} a3 52. f5) 51... Rxg7 $11 {The position is equal.} 52. Rxb5 {Black must now prevent Ra5.} Ra7 53. g5 a3 {[%cal Ba4a3,Ba3a2][%mdl 32] aiming for ...a2.} 54. Rb1 a2 55. Ra1 Ke5 56. Kg4 Ra4+ 57. Kh5 Kf5 58. g6 Kf6 {[#]} 59. f4 $1 {[%mdl 512]} Ra3 (59... Rxf4 60. Rxa2) 60. g7 Kxg7 61. Kg5 Kf7 62. Kf5 {Blacks defense is rewarded with a draw. Accuracy: White = 84%, Black = 76%.} 1/2-1/2

[Event "AZE-ch Women 2020"]
[Site "Baku"]
[Date "2020.03.07"]
[Round "4.5"]
[White "Allahverdiyeva, Ayan"]
[Black "Fataliyeva, Ulviyya"]
[Result "1/2-1/2"]
[WhiteElo "2053"]
[BlackElo "2377"]
[Annotator "TA"]
[PlyCount "182"]
[EventDate "2020.03.04"]
[EventType "swiss"]
[EventCountry "AZE"]
[SourceTitle "playchess.com"]
[Source "ChessBase"]
[SourceQuality "1"]

{[%evp 20,182,16,0,29,24,27,16,30,27,38,31,32,31,45,42,56,93,78,82,82,64,48,85,69,0,93,85,89,75,91,23,0,0,8,-57,135,135,163,183,167,43,37,38,37,29,49,46,43,0,0,0,0,0,0,0,0,0,0,0,0,0,0,0,0,0,0,0,0,0,0,0,0,0,0,0,0,0,0,0,0,-9,0,-9,-9,-9,0,0,0,0,0,0,0,0,0,-9,0,0,0,0,0,0,0,0,0,0,0,-9,0,0,0,0,0,-9,0,-9,0,0,0,0,0,0,0,-9,-9,-9,-9,-9,-9,-9,-9,-9,-9,-9,-9,-9,-9,-9,-9,-9,-9,-9,-9,-16,-16,-16,-16,-16,-16,-16,0,0,0,0,0,0,0,0,0,0,0,0,0,0,0]} 1. e4 e6 2. d4 d5 3. e5 c5 4. c3 Nc6 5. Nf3 Qb6 6. a3 c4 7. Nbd2 Na5 8. Be2 Bd7 9. O-O h6 10. Rb1 Ne7 11. Re1 g5 {C02: French: Advance Variation.} 12. h3 Ng6 {[#]} 13. Nf1 $146 ({Predecessor:} 13. g3 Bg7 14. Nh2 Nb3 15. Nxb3 Ba4 16. Be3 Bxb3 17. Qc1 Qc6 18. Bd1 a5 19. Bxb3 cxb3 {½-½ (46) Petukhov,S-Slivko,V ICCF email 2010}) 13... Nb3 14. Be3 Be7 15. Ng3 O-O-O 16. Nh5 Rdf8 17. Nh2 f5 18. exf6 $1 Bxf6 19. Nxf6 Rxf6 20. Bh5 $1 {Ng4 is the strong threat.} Be8 21. Ng4 Rff8 22. f3 (22. Qc2 $1 $14 Rf5 23. Rbd1) 22... Nf4 (22... Qc7 $11) 23. Bxe8 $16 Rxe8 24. Bxf4 gxf4 25. Qc2 (25. Re5 $1 $16) 25... h5 $1 $11 {[%cal Rh5g4]} 26. Ne5 {With the idea Ng6.} Rh6 $1 27. Ng6 ({White should try} 27. Nf7 $11 Rf6 28. Ng5) 27... Qc7 $2 (27... Qd8 $1 $15 {keeps the upper hand.}) 28. Qf5 $1 $16 Qd7 (28... exf5 $2 {too greedy.} 29. Rxe8+ Qd8 30. Rxd8+ Kxd8 31. Nxf4 $18) 29. Qf6 $1 {Black must now prevent Ne7+!} Nd2 {[#]} 30. Qxf4 ({White has to play} 30. Ne7+ $1 $18 {[%mdl 512]} Qxe7 31. Qxh6 (31. Qxf4 Nxb1 32. Qxh6 Nxc3 $11) 31... Nxb1 32. Rxb1) 30... Nxf3+ $1 $14 31. Qxf3 Rxg6 32. Re2 Reg8 33. Rf1 Qg7 34. Kh1 Rg3 {The position is equal.} 35. Qf6 Rxg2 36. Qxe6+ {[%mdl 64] Double Attack} Kb8 {[#]} 37. Qxg8+ $1 {[%mdl 512]} Qxg8 38. Rxg2 $11 {[%mdl 4096] Endgame KQ-KRR} Qe6 39. Rf3 a6 40. Rgf2 Ka7 41. Kh2 h4 42. Rf6 Qg8 43. Rg2 (43. R6f5 {with more complications.} Qg3+ 44. Kh1 Qxh3+ 45. Kg1 Qg4+ 46. Kh1) 43... Qb8+ 44. Kh1 Qe8 45. Rf4 Qe3 {[%mdl 64] Double Attack} 46. Rf7 Qxh3+ 47. Kg1 Qe6 48. Rgg7 Qb6 49. Rf2 Qh6 50. Rg4 Qe3 51. Rgf4 Kb6 52. Rf5 Qe4 53. Kh2 Qg4 54. Kh1 Kc6 55. Kh2 Qg3+ 56. Kh1 Qg8 57. Rh5 Qg4 58. Rhf5 Kb6 59. Kh2 a5 60. Kh1 Ka6 61. Kh2 Qg8 62. Kh1 b6 63. R5f4 Qg3 64. Rf5 Qg4 65. Kh2 Qg8 66. R2f4 Qe6 67. Kh3 Qe1 {[%csl Gh4][%cal Re1g3]} 68. Kh2 Qg3+ 69. Kh1 h3 {[%csl Gh3][%cal Rg3g2]} 70. Rf2 Qg8 71. Kh2 Kb5 72. Kxh3 Ka4 73. R5f3 Kb3 74. Kh2 b5 75. Rg2 Qh7+ 76. Kg1 Qb1+ 77. Kh2 Qe4 78. Kg3 Ka4 79. Rd2 b4 80. axb4 axb4 81. cxb4 Qe1+ 82. Rff2 Kxb4 83. Kg2 Qe4+ 84. Kg1 c3 85. bxc3+ Kxc3 {[#]} 86. Rc2+ $1 {[%mdl 512]} Qxc2 (86... Kxd4 87. Rfd2+ Ke3 88. Re2+ Kf4 89. Rxe4+ Kxe4 90. Kf2 Kd3 91. Re2) (86... Kb3 {keeps more tension.} 87. Rb2+ Kc3 88. Rbc2+) 87. Rxc2+ Kxc2 88. Kf2 Kd2 89. Kf1 $1 Kd3 (89... Ke3 $5 90. Ke1 $8 Kxd4 $11) 90. Ke1 Kxd4 {( -> ...Ke3)} (90... Ke3 $5) 91. Kd2 Ke5 {Accuracy: White = 90%, Black = 94%.} 1/2-1/2

[Event "AZE-ch Women 2020"]
[Site "Baku"]
[Date "2020.03.09"]
[Round "5.1"]
[White "Balajayeva, Khanim"]
[Black "Ismayil, Malak"]
[Result "1-0"]
[WhiteElo "2358"]
[BlackElo "1974"]
[Annotator "TA"]
[PlyCount "63"]
[EventDate "2020.03.04"]
[EventType "swiss"]
[EventCountry "AZE"]
[SourceTitle "playchess.com"]
[Source "ChessBase"]
[SourceQuality "1"]

{[%evp 9,63,16,23,8,4,-2,14,2,16,9,3,9,72,58,60,51,52,1,187,184,201,108,127,117,118,122,126,123,126,70,112,117,229,197,204,51,287,311,318,309,599,583,606,599,581,597,565,565,740,729,703,675,619,632,29995,29996]} 1. d4 Nf6 2. Nc3 d5 3. Bf4 Bf5 4. f3 e6 5. g4 Bg6 6. h4 {D00: 1 d4 d5: Unusual lines.} h5 7. g5 Nfd7 8. e3 {The position is equal.} Be7 9. Bd3 Bxd3 10. Qxd3 {[#]} Nf8 $146 (10... c5 $11) ({Predecessor:} 10... Nc6 11. Nge2 Nf8 12. O-O-O Ng6 13. Bg3 Bd6 14. e4 Bxg3 15. Nxg3 Qd6 16. e5 Qd7 {1-0 (41) Baert,A (2184)-De Rosa,M (2088) Caleta 2016}) 11. Qb5+ Nbd7 12. Qxb7 {Strongly threatening Nb5.} Rb8 13. Qxa7 (13. Qxc7 $14 Qxc7 14. Bxc7 Rxb2 15. Nge2) 13... Bd6 $2 (13... Rxb2 $11 {and Black stays safe.} 14. Nge2 (14. Qxc7 Qa8 $17) (14. Bxc7 Qc8 $15) 14... c5) 14. Bxd6 $18 cxd6 15. Nge2 (15. O-O-O $18) 15... Rxb2 $16 16. Qa3 $1 {[%cal Ra3b2]} Rb6 17. Nf4 $36 {[%mdl 2048] Black is under strong pressure.} Qc8 18. O-O Ra6 19. Qb4 (19. Qb3 $16) 19... Nb6 20. e4 {Nb5 is the strong threat.} dxe4 (20... Ng6 $16 21. Qb5+ Nd7 22. Nxg6 fxg6) 21. Nxe4 $18 {[%cal Bc3e4,Be4g5,Bg5e6][%mdl 32]} Nc4 {[#]} 22. Rfe1 $2 (22. Rab1 $1 $18) 22... Nd7 $2 {[#]} (22... Ng6 $1 $14 23. Nxg6 fxg6) 23. g6 $1 {[%cal Rg6f7]} O-O 24. Ng5 fxg6 $2 (24... Rb6 25. Qc3 d5) 25. Nxg6 {And now Ne7+ would win.} Re8 26. Rxe6 Rxe6 27. Nxe6 {Threatens to win with Ne7+.} Kf7 28. Ngf4 Nf6 29. Re1 Ra7 30. Ng5+ Kg8 31. Ng6 Nd5 {[#]} 32. Qxc4 $1 {[%mdl 512] Accuracy: White = 79%, Black = 36%.} 1-0

[Event "AZE-ch Women 2020"]
[Site "Baku"]
[Date "2020.03.09"]
[Round "5.2"]
[White "Mamedjarova, Turkan"]
[Black "Beydullayeva, Govhar"]
[Result "1-0"]
[WhiteElo "2310"]
[BlackElo "2237"]
[Annotator "TA"]
[PlyCount "79"]
[EventDate "2020.03.04"]
[EventType "swiss"]
[EventCountry "AZE"]
[SourceTitle "playchess.com"]
[Source "ChessBase"]
[SourceQuality "1"]

{[%evp 10,79,13,21,14,13,14,14,16,12,37,37,44,56,59,45,51,51,46,25,56,33,85,93,87,89,95,85,122,118,199,169,350,331,603,595,595,582,610,578,614,408,426,410,539,551,526,423,404,372,358,302,358,345,612,466,783,785,769,756,805,792,1000,926,926,926,917,913,1200,1200,1286,1071]} 1. c4 Nf6 2. Nc3 e5 3. g3 d5 4. cxd5 Nxd5 5. Bg2 Nb6 6. e3 Be7 {A22: English Opening: 1...e5 2 Nc3 Nf6.} 7. Nge2 Nc6 8. O-O O-O {The position is equal.} 9. f4 exf4 10. Nxf4 g6 {[#]} 11. b3 $146 ({Predecessor:} 11. d4 Bf6 12. Kh1 Bg7 13. Ne4 Ne7 14. Nc5 c6 15. Qb3 h5 16. Bd2 Ned5 17. Nfd3 {1-0 (32) Abbasov,F (2530)-Ilyasli,U (2243) Baku 2019}) 11... Bf6 12. Ba3 Re8 13. Rc1 Bg7 14. h3 a6 15. Kh2 Ne7 ({Black should play} 15... Bf5 $14) 16. Qf3 $16 {White leaves nothing to chance now.} Nf5 17. e4 Nd4 18. Qf2 Nc6 19. Bc5 f5 (19... Be6 $16 20. Ncd5 (20. Nxe6 fxe6 21. Ne2 e5 $14) 20... Rc8) 20. Rce1 $40 {[%mdl 128] White wants a kill.} fxe4 $2 (20... Bd4 21. Bxd4 Qxd4 22. Qxd4 Nxd4) 21. Bxe4 $18 Rxe4 $2 (21... Bf5 22. Bxf5 Rxe1) 22. Nxe4 Bf5 23. g4 Bxe4 24. Rxe4 Nd7 25. Ba3 {[#] Strongly threatening Ne6.} Nf6 26. Ree1 Ne5 27. Qg2 Nd3 28. Nxd3 Qxd3 29. Re3 Qd4 30. Rfe1 ({But not} 30. Qxb7 Qxd2+ 31. Qg2 Qxg2+ 32. Kxg2 Nd5 $18) 30... Rd8 31. Be7 ({Not} 31. Qxb7 Nd5 $14) 31... Qf4+ $2 (31... Rb8 32. Qf3 Nd7) 32. Kh1 {White is clearly winning.} Rd7 (32... Rb8 $142 33. Rf1 Qd4) 33. Rf1 Qg5 34. Qf3 Kf7 35. Qe4 {[#] Intending Qe6+ and mate.} Qxe3 36. Qxe3 {White threatens Re1 and mate.} Rxe7 37. Qf3 h6 38. Qxb7 Kg8 39. Qxa6 Ne4 40. Kg2 {Accuracy: White = 88%, Black = 35%.} 1-0

[Event "AZE-ch Women 2020"]
[Site "Baku"]
[Date "2020.03.09"]
[Round "5.3"]
[White "Mamedjarova, Zeinab"]
[Black "Mammadova, Gulnar"]
[Result "1/2-1/2"]
[WhiteElo "2278"]
[BlackElo "2386"]
[Annotator "TA"]
[PlyCount "85"]
[EventDate "2020.03.04"]
[EventType "swiss"]
[EventCountry "AZE"]
[SourceTitle "playchess.com"]
[Source "ChessBase"]
[SourceQuality "1"]

{[%evp 14,85,18,26,27,20,12,19,42,43,42,40,66,28,36,29,27,15,19,13,24,0,3,6,8,-14,0,0,0,-19,6,5,5,7,135,110,118,108,147,148,148,138,174,170,164,137,177,174,199,189,164,189,272,226,225,231,211,175,267,0,0,0,0,0,0,0,0,0,0,0,0,0,0,0]} 1. d4 e6 2. Nf3 Nf6 3. g3 b6 4. Bg2 Bb7 5. O-O c5 6. c4 cxd4 7. Nxd4 Bxg2 8. Kxg2 Bc5 {A30: Symmetrical English: Double Fianchetto and Hedgehog.} 9. Nc3 O-O 10. e4 Qc7 11. Bg5 Be7 {[#]} 12. Rc1 $146 ({Predecessor:} 12. Qd3 Na6 13. f3 Rfc8 14. b3 h6 15. Bf4 Qb7 16. Ndb5 Nb4 17. Qd2 d5 18. a3 {1-0 (38) Rahl,V (2065)-Hrabusa,M (2250) Slovakia 2009}) 12... a6 13. Qf3 (13. f4 {is interesting.} h6 14. Bh4 d6 15. b3 Ra7 16. h3) 13... Nc6 14. Nxc6 dxc6 15. Rfe1 e5 16. a3 a5 17. Qe2 h6 18. Be3 Nd7 19. Na4 {[%cal Bc3a4,Ba4b6,Bb6c4][%mdl 32]} Rab8 20. Red1 Rfd8 21. f3 Nf8 22. Qf2 {[%cal Re3b6]} Rxd1 23. Rxd1 {[%cal Ra4b6]} Bd8 (23... b5 $11 24. cxb5 Rxb5) 24. Nxb6 Bg5 {[#] White must now prevent ...Bxe3.} 25. c5 $36 {[%mdl 2048] White is in control.} Bxe3 26. Qxe3 Qe7 27. Qc3 Rd8 28. Rxd8 Qxd8 29. Nc4 {[%mdl 64] [#] Double Attack} (29. Qxe5 Qd2+ 30. Kg1 (30. Kh3 Ne6 $17) 30... Ne6 $15) (29. Qxa5 Qd1 $11) 29... Ne6 {intending ...Qd1.} 30. Nxe5 Qd1 {White should prevent ...Qe2+.} 31. Nd3 (31. Nxc6 Qe2+ 32. Kh3 (32. Kg1 $2 Ng5 $19) 32... h5 $19) 31... Qe2+ 32. Nf2 a4 (32... g5 $142 33. Qxa5 Qxb2) 33. h4 g5 34. hxg5 hxg5 35. Kg1 g4 (35... Kf8 $142 36. Kg2 Kg8) 36. Kg2 $2 ({Much less strong is} 36. fxg4 $6 Ng5 $18) (36. f4 $18) 36... gxf3+ $1 $11 {The position is equal.} 37. Qxf3 Qxb2 38. Qe3 Qb3 39. Qc1 Qb5 40. Qh6 Nxc5 ({Avoid the trap} 40... Qxc5 $2 41. Ng4 $18) 41. Qg5+ Kf8 42. Qd8+ Kg7 43. Qg5+ {Blacks defense is rewarded with a draw. Accuracy: White = 85%, Black = 73%.} 1/2-1/2

[Event "AZE-ch Women 2020"]
[Site "Baku"]
[Date "2020.03.09"]
[Round "5.4"]
[White "Rzali, Sabina"]
[Black "Fataliyeva, Ulviyya"]
[Result "0-1"]
[WhiteElo "1921"]
[BlackElo "2377"]
[Annotator "TA"]
[PlyCount "82"]
[EventDate "2020.03.04"]
[EventType "swiss"]
[EventCountry "AZE"]
[SourceTitle "playchess.com"]
[Source "ChessBase"]
[SourceQuality "1"]

{[%evp 9,82,13,8,3,8,-20,-18,-24,-28,-25,-12,-36,-28,-50,-44,-33,-41,-68,-62,-78,-44,-53,-43,-61,-50,-87,-35,-183,-181,-180,-180,-150,-164,-196,-188,-188,-188,-188,-188,-188,-174,-201,-199,-193,-193,-303,-303,-303,-303,-352,-354,-338,-335,-390,-388,-387,-361,-346,-347,-512,-498,-458,-348,-761,-760,-730,-722,-750,-619,-29985,-29986,-29986,-29987,-29987,-29988]} 1. e4 c6 2. Nc3 d5 3. Nf3 Nf6 4. e5 Ne4 5. d4 Nxc3 6. bxc3 {B11: Caro-Kann: Two Knights Variation.} c5 7. Be2 c4 8. O-O {The position is equal.} Nc6 {[#]} 9. Ne1 $146 ({Predecessor:} 9. Nh4 e6 10. g3 Be7 11. Ng2 Qa5 12. Qd2 Bd7 13. Ne3 h5 14. Bb2 Qa4 15. f4 {0-1 (70) Vibbert,S (2350)-Gurevich,D (2464) Chicago 2016}) 9... Qa5 10. Qd2 Bf5 11. f4 O-O-O 12. Nf3 {With the idea Ng5.} f6 13. Nh4 Be4 14. Nf3 g6 15. Bd1 Rg8 16. Qe1 h6 17. Be3 g5 (17... Kb8 $17) 18. Qd2 (18. fxg5 $15 fxg5 19. Nd2) 18... g4 $19 19. Nh4 f5 20. g3 Qa3 21. Be2 e6 22. Rfb1 Rd7 23. Bf2 Be7 24. Be1 h5 25. Bf2 a6 26. Be1 Kc7 27. Qc1 (27. Bd1 $142) 27... Qxc1 28. Rxc1 Ba3 29. Rd1 Bxc2 30. Rd2 Be4 31. Bd1 b5 {[%cal Bb7b5,Bb5b4][%mdl 32]} 32. Rf2 Rb8 33. Bc2 b4 34. Bxe4 (34. Rd1 {was called for.}) 34... dxe4 (34... fxe4 $2 35. f5 $19) 35. Rd1 Rbd8 36. Ng2 $2 {[#]} (36. Kf1) 36... bxc3 37. Bxc3 Nxd4 {And now ...Nf3+ would win.} 38. Ba5+ Kc8 {Threatens to win with ...Nf3+.} 39. Bxd8 Nf3+ {[%mdl 64] [#] Discovered Attack. Black mates.} (39... Kxd8 $2 40. Kf1 $17) 40. Rxf3 Rxd1+ 41. Rf1 Bc5+ {White did not feel at home in the position after the opening. Accuracy: White = 50%, Black = 93%.} 0-1